| 000 | 00000nam##2200000za#4500 |
| 001 | 9.661993 |
| 003 | CaOODSP |
| 005 | 20210615120327 |
| 007 | ta |
| 008 | 150407|2000||||xxc||||| f|0| 0 eng|d |
| 020 | |a0-662-65079-4 |
| 040 | |aCaOODSP|beng |
| 041 | |aeng |
| 041 | |afre |
| 043 | |an-cn--- |
| 086 | 1 |aF2-143/2000 |
| 110 | 1 |aCanada.|bDepartment of Finance.|bMinister of Finance. |
| 245 | 10|aNotice of ways and means motion to amend the Income Tax Act, the income tax application rules and certain acts related to the Income Tax Act / |cBy the Minister of Finance. |
| 260 | |aOttawa - Ontario : |bFinance Canada. |c2000. |
| 300 | |a199p. ; |c28 cm. |
| 546 | |aBilingual |
| 563 | |aSoftcover |
| 590 | |a00-28|b2000-07-14 |
| 690 | 07|aIncome tax|2gcpds |
| 690 | 07|aAmendments|2gcpds |
| 690 | 07|aLegislation|2gcpds |
| 776 | 0#|tNotice of ways and means motion to amend the Income Tax Act, the income tax application rules and certain acts related to the Income Tax Act |w(CaOODSP)9.696518 |
| 776 | 0#|tAvis de motion de voies et moyens visant à modifier la Loi de l'impôt sur le revenu, les règles concernant l'application de l'impôt sur le revenu et certaines lois liées à la Loi de l'impôt sur le revenu |w(CaOODSP)9.640630 |
| 792 | |tAvis de motion de voies et moyens visant à modifier la Loi de l'impôt sur le revenu, les règles concernant l'application de l'impôt sur le revenu et certaines lois liées à la Loi de l'impôt sur le revenu / |efre|w(CaOODSP)9.661994 |